000 01177nam a22003497a 4500
003 OSt
005 20230706160628.0
008 221006b |||||||| |||| 00| 0 eng d
040 _cBiblioteca Lado V
082 _a621.436.2
_bP185m
100 _9879
_aPamio, Oscar
_edirector
245 _aModulo/
_bRevista Trimestral de Diseño Industrial/
260 _c1982
_bTaller de Publicaciones ITCR
_aCosta Rica
300 _c28x24cm
_a64p.
490 _v1982
_x0864-0491
_a9
505 _aLos ingenieros también diseñan
505 _aDoble espejo doble
505 _aLa ergonomia y el diseño cósmico
505 _aLamparas Grup 80
505 _aCultura de la imagen entre 68
505 _aImagen coordinada
505 _aDiseño de aplicaciones
505 _aCrónicas
505 _aLibros
505 _aEsquelas Producto
505 _aAbstracts
650 _2Tesauro de Arte & Arquitectura
_aDISEÑO INDUSTRIAL
650 _2Tesauro de Arte & Arquitectura
_aDIBUJO INDUSTRIAL
650 _2Tesauro de Arte & Arquitectura
_aINGENIEROS
650 _2Tesauro de Arte & Arquitectura
_aCULTURA
942 _2ddc
_c1
_h621.436.2
_iP185m
_n0
999 _c4011
_d4011